| 000 | 00913nam a22003017a 4500 | ||
|---|---|---|---|
| 003 | CHAP | ||
| 005 | 20220329134437.0 | ||
| 008 | 971013s1951 r 00010 d | ||
| 010 | _a20579 | ||
| 011 | _a21551 | ||
| 035 | _a25641 | ||
| 040 | _cCHAP | ||
| 082 |
_a330.986 _bC46 |
||
| 110 |
_aCEPAL _921292 |
||
| 245 | _aHechos y tendencias recientes de la economía colombiana | ||
| 260 |
_aMéxico : _b(s.e.), _c1951 |
||
| 300 | _a86 p. | ||
| 490 | _aCEPAL. E/CN.12/217/Add. 4 | ||
| 590 |
_aBATCH-UPD _b10 _c20130109 _lUCH01 _h2355 |
||
| 590 |
_aBATCH-UPD _b10 _c20130409 _lUCH01 _h1928 |
||
| 590 |
_aBATCH-UPD _b10 _c20130914 _lUCH01 _h0911 |
||
| 590 |
_aCONVERSION _b10 _c20130109 _lUCH01 _h1312 |
||
| 650 | 1 | 4 |
_aColombia _xCondiciones económicas. _925361 |
| 830 | 0 |
_aCEPAL. E/CN.12/217/Add. 4 _921297 |
|
| 901 | _aBK | ||
| 942 | _cLIBRO | ||
| 949 |
_a330.986 C46 _bBC _cLIBRO _d33724000331906 _eLIBRO _i25641 _mD _si |
||
| 999 |
_c20579 _d20579 |
||